00213nam a2200073Ia 4500008004100000082001300041100003000054245005500084240331s9999 xx 000 0 und d a294bWAL a Walpola Sri Rahula ,Himi 0aLakdiwa Budu samaye ithihasaya :bAnurapura period